000 00808cab a2200253 4500
001 WB3210-09
008 090401t1996 xxu||||| |||| 00| 0 eng d
035 _a(Sirsi) u45045
041 _aeng
100 _aLondon, S.
245 _aVentures with local partners
260 _c1996
350 _a0
490 _aFinancial Times
_v8 March 1996, 12(1)
520 _aLooks at how a global company can invest in real estate, primarily seen as a local business, by joining forces with local companies. Takes Rodamco as an example.
650 _aINVESTMENT PRACTICES
650 _aJOINT VENTURES
650 _aLOCAL PARTNERS
650 _aPARTNERSHIPS
650 _aRODAMCO
690 _aPROPERTY-COMMERCIAL PROPERTY-COMMERCIAL PROPERTY FINANCE AND INVESTMENT
942 _n0
948 _c04/03/1997
999 _c28637
_d28637